Sol y Luna : (Record no. 180055)
[ view plain ]
| 000 -LEADER | |
|---|---|
| campo de control de longitud fija | 01362nam a2200229 i 4500 |
| 001 - NÚMERO DE CONTROL | |
| campo de control | 180055 |
| 003 - IDENTIFICADOR DE NÚMERO DE CONTROL | |
| campo de control | ES-MaACL |
| 005 - FECHA Y HORA DE LA ÚLTIMA TRANSACCIÓN | |
| campo de control | 20230906220959.0 |
| 008 - DATOS DE LONGITUD FIJA--INFORMACIÓN GENERAL | |
| campo de control de longitud fija | 120404s2011 sp a |||| | spa d |
| 020 ## - NÚMERO INTERNACIONAL ESTÁNDAR DEL LIBRO | |
| Número Internacional Estándar del Libro | 978-84-939470-3-3 |
| 080 ## - NÚMERO DE LA CLASIFICACIÓN DECIMAL UNIVERSAL | |
| Número de la Clasificación Decimal Universal | 159.923.2(0:82) |
| 100 1# - ENTRADA PRINCIPAL--NOMBRE DE PERSONA | |
| Nombre de persona | García Rams, María Susana. |
| 9 (RLIN) | 149732 |
| 245 10 - MENCIÓN DEL TÍTULO | |
| Título | Sol y Luna : |
| Resto del título | Proyecto EscuchArte : cuentos de sabiduría para la transformación y el buen trato / |
| Mención de responsabilidad, etc. | historia original de Liliana Mondragón Hernández ; [adaptación del texto, y dirección del Proyecto], M. Susana García Rams ; ilustraciones, Gloria Fernández Villena ... [et al.] ; [presentación, Fina Sanz Ramón]. |
| 260 ## - PUBLICACIÓN, DISTRIBUCIÓN, ETC. | |
| Lugar de publicación, distribución, etc. | Valencia : |
| Nombre del editor, distribuidor, etc. | Fundación Terapia de Reencuentro, |
| Fecha de publicación, distribución, etc. | 2011. |
| 300 ## - DESCRIPCIÓN FÍSICA | |
| Extensión | [32] p. : |
| Otras características físicas | principalmente il. col. ; |
| Dimensiones | 15 x 21 cm. |
| 594 ## - Nota al título y mención de responsabilidad | |
| Nota al título y mención de responsabilidad | En p. [5]: "... Proyecto EscuchArte: cuentos de sabiduría para la transformación, la educación y el buen trato,... en colaboración con el Departamento de Dibujo de la... Universidad Politécnica de Valencia, la Facultad de Psicología de la Universidad Nacional Autónoma de México y el Instituto Terapia de Reencuentro..." |
| 650 #4 - PUNTO DE ACCESO ADICIONAL DE MATERIA--TÉRMINO DE MATERIA | |
| Término de materia o nombre geográfico como elemento de entrada | Autoayuda- |
| Subdivisión de forma | Cuentos. |
| 9 (RLIN) | 174703 |
| 700 1# - ENTRADA AGREGADA--NOMBRE PERSONAL | |
| Nombre de persona | Mondragón Hernández, Liliana. |
| 9 (RLIN) | 149731 |
| 700 1# - ENTRADA AGREGADA--NOMBRE PERSONAL | |
| Nombre de persona | Sanz Ramón, Fina. |
| 9 (RLIN) | 149736 |
| 710 2# - ENTRADA AGREGADA--NOMBRE DE ENTIDAD CORPORATIVA | |
| Nombre de entidad corporativa o nombre de jurisdicción como elemento de entrada | Fundación Terapia de Reencuentro. |
| 9 (RLIN) | 149733 |
| 852 4# - LOCALIZACIÓN | |
| Ubicación | ES-MaACL |
| Número de control de estantería | 2309-F-14 |
| Estatus retirado | Estado de pérdida | Estado de daño | No para préstamo | Colección | Biblioteca de origen | Biblioteca actual | Ubicación en estantería | Fecha de adquisición | Fuente de adquisición | Total de préstamos | Signatura topográfica completa | Código de barras | Visto por última vez | Precio de reemplazo | Tipo de ítem Koha |
|---|---|---|---|---|---|---|---|---|---|---|---|---|---|---|---|
| Colección de folletos | Biblioteca del Ateneo de Madrid | Biblioteca del Ateneo de Madrid | Depósito folletos | 04/04/2012 | 2309-F-14 | 1189181 | 23/02/2023 | 23/02/2023 | Folleto |
